000 00851nam a2200253 a 4500
005 20200104041551.0
008 140317t2000 io do fr|||| 000 0 eng d
020 _a979876451X
040 _aCO-BoIAVH
_cCO-BoIAVH
041 0 _aeng
044 _aind
082 0 4 _a634.98
_bN49c
100 1 _aNeumann, Roderick P.
245 1 0 _aCommercialisation of non-timber forest products :
_breview and analysis of research
260 _aIndonesia :
_bCIFOR,
_c2000.
300 _a176 páginas :
_bGráficos y fotografías ;
_c23 x 16 cm.
504 _aIncluye referencias bibliográficas: páginas 149 - 172.
650 1 6 _aProductos forestales
650 1 6 _aProductos forestales no maderables
651 2 6 _aDesarrollo sostenible
651 2 6 _aGestión ambiental
700 1 _aHirsch, Eric
942 _cLIBRO
_2ddc
999 _c4548
_d4548